Nouveaux éléments de physiologie humaine (Record no. 151737)

MARC details
000 -LEADER
campo de control de longitud fija 00846nam a22002292i 4500
001 - NÚMERO DE CONTROL
campo de control 151737
003 - IDENTIFICADOR DE NÚMERO DE CONTROL
campo de control ES-MaACL
005 - FECHA Y HORA DE LA ÚLTIMA TRANSACCIÓN
campo de control 20251015063134.0
008 - DATOS DE LONGITUD FIJA--INFORMACIÓN GENERAL
campo de control de longitud fija 920723s1881 fr a |||| | fre d
040 ## - FUENTE DE CATALOGACIÓN
Centro catalogador/agencia de origen CAT
Lengua de catalogación spa
Centro/agencia transcriptor CAT
Centro/agencia modificador CCPB
080 #4 - NÚMERO DE LA CLASIFICACIÓN DECIMAL UNIVERSAL
Número de la Clasificación Decimal Universal 612
100 1# - ENTRADA PRINCIPAL--NOMBRE DE PERSONA
Nombre de persona Beaunis, Henri Étienne,
Fechas asociadas al nombre 1830-1921
9 (RLIN) 125879
245 10 - MENCIÓN DEL TÍTULO
Título Nouveaux éléments de physiologie humaine
Resto del título : comprenant les principes de la physiologie comparée et de la physiologie générale /
Mención de responsabilidad, etc. par H. Beaunis.
250 ## - MENCION DE EDICION
Mención de edición 2e éd., entièrement refondue.
260 ## - PUBLICACIÓN, DISTRIBUCIÓN, ETC.
Lugar de publicación, distribución, etc. Paris :
Nombre del editor, distribuidor, etc. Librairie J.-B. Baillière et fils,
Fecha de publicación, distribución, etc. 1881.
300 ## - DESCRIPCIÓN FÍSICA
Extensión 2 v. :
Otras características físicas il. ;
Dimensiones 25 cm.
650 #4 - PUNTO DE ACCESO ADICIONAL DE MATERIA--TÉRMINO DE MATERIA
Término de materia o nombre geográfico como elemento de entrada Fisiología.
9 (RLIN) 136120
700 11 - ENTRADA AGREGADA--NOMBRE PERSONAL
Nombre de persona Baillière, J.B. e Hijo,
Término indicativo de función/relación
9 (RLIN) 125780
752 ## - ENTRADA AGREGADA--NOMBRE JERÁRQUICO DEL LUGAR
País o entidad superior Francia -
Ciudad París
852 ## - LOCALIZACIÓN
Ubicación ES-MaACL
Número de control de estantería G-10812-10813
Nota libre -- Enc. tela
Holdings
Estatus retirado Estado de pérdida Estado de daño No para préstamo Colección Biblioteca de origen Biblioteca actual Ubicación en estantería Fecha de adquisición Fuente de adquisición Total de préstamos Signatura topográfica completa Código de barras Visto por última vez Precio de reemplazo Tipo de ítem Koha
        Libros del s. XIX Biblioteca del Ateneo de Madrid Biblioteca del Ateneo de Madrid Sala Pecera Planta 3 17/01/2008     G-10812-10813 1158363 23/02/2023 23/02/2023 Libro impreso antiguo